000 00750nam a2200253 a 4500
001 BRCA_3708
005 20190320204407.0
008 090909s1960----fr-a---###---#000-0#fre-#
041 _afre
044 _afr
050 4 _aNK2547
_b.M48 12
_c1960
245 1 0 _aMeubles et ensembles
_bBourguignons
_cintroduction par G. Jeanton.
260 _aParis
_bCh. Massin
_c[1960]
300 _a1 v. (sin paginación)
_bil., 36 láminas
_c29 cm.
440 0 _aMeubles et ensembles
_v12
_99648
500 _aIncluye lista de láminas
500 _aB345
650 1 4 _aMuebles
_zBorgoña, Francia
_99649
650 1 4 _aMuebles franceses
_99650
650 1 4 _aMuebles renacentistas
_97835
700 1 _aJeanton, G.
_eintrod
_99651
902 _aGFM
942 _2lcc
_cB
999 _c3438
_d3438